| 000 | 00857nam a22003017a 4500 | ||
|---|---|---|---|
| 001 | BR0001684 | ||
| 003 | BR-BrBNA | ||
| 005 | 20230928100551.0 | ||
| 007 | ta | ||
| 008 | 230509b bl.||||| |||| 00| 0 por d | ||
| 040 |
_aBR-BrBNA _bpor _cBiblioteca Nacional de Agricultura |
||
| 041 | _a(Por) | ||
| 072 |
_aE70 _b2120 |
||
| 090 | _ 2120 BR0001684 | ||
| 100 | 1 | _aSaes, M.S.M. | |
| 100 | 1 | _aFarina, E.M.M.Q. | |
| 110 | 1 |
_aUniversidade de Sao Paulo, Sao Paulo (Brasil) _910514 |
|
| 110 | 1 | _aInstituto de Pesquisa Economica Aplicada, Brasilia, DF (Brasil) | |
| 245 | 1 | _aO agribusiness do cafe no Brasil | |
| 260 | 3 |
_aSao Paulo, SP (Brasil): _c1999. |
|
| 300 | _a230 p. | ||
| 500 | _a44 ref.; illus.; tables | ||
| 650 | _aCafe | ||
| 650 | _aAgribusiness | ||
| 650 | _aDados Estatisticos | ||
| 909 |
_a202309 _bLucia _c55 _dLucia Elande |
||
| 942 | _cBK | ||
| 999 |
_c61844 _d61844 |
||